[Event "TCh-SRB Prem 2012"]
[Site "Valjevo SRB"]
[Date "2012.09.18"]
[Round "2.5"]
[White "Zakic,Sr"]
[Black "Sredojevic,I"]
[Result "0-1"]
[WhiteElo "2357"]
[BlackElo "2407"]

1.e4 d6 2.d4 Nf6 3.Nc3 e5 4.Nf3 Nbd7 5.g3 Be7 6.Bg2 O-O 7.O-O c6 8.a4 Qc7
9.h3 Re8 10.Be3 Bf8 11.Re1 b6 12.Nd2 exd4 13.Bxd4 Bb7 14.Nc4 a6 15.a5 b5
16.Nb6 Rad8 17.g4 h6 18.Nxd7 Nxd7 19.f4 b4 20.Na4 c5 21.Bf2 Nf6 22.Bh4 Be7
23.g5 hxg5 24.fxg5 Nh7 25.Qh5 g6 26.Qg4 Qxa5 27.Nc3 Qb6 28.Nd5 Bxd5 29.exd5 Bf8
30.Rxe8 Rxe8 31.Qd7 Qd8 32.Qxd8 Rxd8 33.Rxa6 Be7 34.Bg3 Nxg5 35.b3 Nh7 36.Ra7 Kf8
37.Ra6 Nf6 38.Kf1 Nh5 39.Bh2 f5 40.Bf3 Nf6 41.h4 Kf7 42.Ke2 Rh8 43.Bxd6 Bxd6
44.Rxd6 Rxh4 45.Rc6 Rh2+ 46.Kd3 Nd7 47.Rc7 Ke7 48.Kc4 Kd8 49.Ra7 Ne5+ 50.Kxc5 Rxc2+
51.Kd6 Nxf3 52.Rg7 Kc8 53.Rxg6 Nd4 54.Ke5 Nxb3 55.Rb6 Nc5 56.Kxf5 b3 57.Ke5 Nd7+  0-1

[Event "InventiChess IM 2012"]
[Site "Antwerp BEL"]
[Date "2012.09.20"]
[Round "7.3"]
[White "Haast,A"]
[Black "Vandenbussche,T"]
[Result "0-1"]
[WhiteElo "2235"]
[BlackElo "2400"]

1.e4 d6 2.d4 Nf6 3.Nc3 Nbd7 4.Nf3 e5 5.Bc4 Be7 6.O-O O-O 7.Re1 c6 8.a4 a5
9.Ba2 exd4 10.Qxd4 Ne5 11.Nh4 Nfg4 12.Nf5 Bxf5 13.exf5 Bf6 14.Qd1 Qb6 15.Ne4 Bh4
16.Re2 d5 17.Ng3 Rae8 18.Bf4 Qxb2 19.h3 Nd3 20.cxd3 Rxe2 21.Nxe2 Nxf2 22.Qf1 Re8
23.Bg3 Bf6 24.Rb1 Qxa2 25.Bxf2 Rxe2 26.Rxb7 h6 27.d4 Qd2 28.Bg3 Qxd4+ 29.Kh2 Qe4
30.Rb8+ Kh7 31.Rb7 h5 32.Rxf7 h4 33.Bf2 Qf4+ 34.Kg1 Rxf2  0-1

[Event "TCh-SRB Prem 2012"]
[Site "Valjevo SRB"]
[Date "2012.09.20"]
[Round "4.1"]
[White "Popovic,Du"]
[Black "Rabrenovic,V"]
[Result "1/2-1/2"]
[WhiteElo "2583"]
[BlackElo "2396"]

1.e4 d6 2.d4 Nf6 3.Nc3 e5 4.Nf3 Nbd7 5.g4 g6 6.g5 Nh5 7.Be3 Bg7 8.Qd2 O-O
9.O-O-O Nb6 10.Rg1 Be6 11.Be2 Nc4 12.Bxc4 Bxc4 13.dxe5 dxe5 14.Bc5 Re8 15.Nd5 Bxd5
16.Qxd5 Qxd5 17.Rxd5 Nf4 18.Rd2 Ne6 19.Be3 Rad8 20.Rgd1 Rxd2 21.Rxd2 b6 22.Rd5 Rd8
23.Kd2 Kf8 24.a4 Ke7 25.Kd3 c6 26.Rxd8 Kxd8 27.b4 Kc7 28.b5 cxb5 29.axb5 Kd6
30.Kc4 f6 31.gxf6 Bxf6 32.Bd2 g5 33.Bb4+ Kd7 34.Bc3 Kd6 35.Bb4+ Kd7 36.Bc3 Kd6
37.Bb4+  1/2-1/2

[Event "TCh-SRB Prem 2012"]
[Site "Valjevo SRB"]
[Date "2012.09.20"]
[Round "4.5"]
[White "Velickovic,Sa"]
[Black "Marinovic,B"]
[Result "1/2-1/2"]
[WhiteElo "2389"]
[BlackElo "2390"]

1.e4 d6 2.d4 Nf6 3.Nc3 e5 4.Nf3 Nbd7 5.Bc4 Be7 6.O-O O-O 7.a4 c6 8.Re1 b6
9.h3 a6 10.Ba2 Bb7 11.Nh4 g6 12.Bh6 Re8 13.Nf3 Bf8 14.Bxf8 Rxf8 15.Qd2 Kg7
16.Rad1 Qe7 17.dxe5 dxe5 18.Qd6 Qxd6 19.Rxd6 Rae8 20.b4 Re7 21.Nd2 Rc8 22.Rd1 Rc7
23.f3 Ne8 24.Rd3 b5 25.Nb3 Bc8 26.axb5 axb5 27.Na5 Nf8 28.Ne2 Be6 29.Bxe6 Nxe6
30.c3 h5 31.h4 f6 32.Kf2 Kf7 33.R3d2 Rc8 34.Rd7 Rc7 35.R7d2 Rc8 36.Rd7 Rc7  1/2-1/2

[Event "Skovbo GM Open 2012"]
[Site "Borup DEN"]
[Date "2012.09.21"]
[Round "6.2"]
[White "Mikkelsen,N"]
[Black "Danielsen,Hen"]
[Result "0-1"]
[WhiteElo "2425"]
[BlackElo "2509"]

1.e4 d6 2.d4 Nf6 3.Nc3 e5 4.Nf3 Nbd7 5.Bc4 Be7 6.O-O O-O 7.Re1 c6 8.a4 h6
9.h3 Re8 10.Ba2 Qc7 11.Be3 Nf8 12.d5 Ng6 13.Qd3 Rf8 14.a5 Bd7 15.a6 b6 16.dxc6 Bxc6
17.Nd5 Nxd5 18.Bxd5 Bxd5 19.Qxd5 Rac8 20.c3 Qd7 21.Red1 Rc7 22.Nd2 Qc8 23.Ra4 Bg5
24.Nf1 Rd8 25.Qd2 Bf4 26.Qe2 Qe6 27.Qg4 Qb3 28.Rb4 Qa2 29.g3 Bxe3 30.Nxe3 Ne7
31.Nf5 Nxf5 32.exf5 f6 33.Qg6 Qf7 34.Qg4 d5 35.Re4 Qe8 36.Re2 Qb5 37.Red2 Qb3
38.h4 Rcd7 39.Kh2 Qb5 40.c4 Qb4 41.Qe2 d4 42.g4 d3 43.Rxd3 Qxc4 44.Rxd7 Qxe2
45.Rxd8+ Kh7 46.Rg1 Qxf2+ 47.Rg2 Qxh4+ 48.Kg1 Qe1+ 49.Kh2 Qf1 50.Rd7 Qxa6
51.g5 hxg5 52.Kg3 Qa4 53.Rh2+ Kg8 54.Rd8+ Kf7 55.b4 Qb3+ 56.Kg4 Qxb4+ 57.Kh5 Qa4
58.Rh3 Qc6 59.Rdd3 e4 60.Rc3 Qd7 61.Kg4 Qd1+ 62.Kg3 Qg1+  0-1

[Event "Skovbo GM Open 2012"]
[Site "Borup DEN"]
[Date "2012.09.21"]
[Round "6.24"]
[White "Stuhr,Finn"]
[Black "Preuss,F"]
[Result "0-1"]
[WhiteElo "1657"]
[BlackElo "1990"]

1.e4 d6 2.d4 Nf6 3.Nc3 e5 4.dxe5 dxe5 5.Qxd8+ Kxd8 6.Bg5 Be6 7.Nf3 Nd7 8.Bd3 Bd6
9.O-O Ke7 10.Nb5 a6 11.Nxd6 cxd6 12.b3 b5 13.Nh4 Rhc8 14.Rad1 Rc6 15.Rd2 Rac8
16.f3 h6 17.Be3 g5 18.Nf5+ Bxf5 19.exf5 d5 20.Rc1 d4 21.Bf2 Nc5 22.Re1 Nxd3
23.cxd3 Rc1 24.Re2 Rxe1+ 25.Rxe1 Kd6 26.g4 Nd5 27.Bg3 f6 28.Rd1 Rc2 29.Ra1 Rd2
30.Be1 Rxd3 31.Kf2 Nc3 32.Rc1 b4 33.Ra1 e4 34.fxe4 Nxe4+ 35.Ke2 Re3+ 36.Kf1 a5
37.Rc1 Nc3 38.Bg3+ Kd5 39.Bc7 d3  0-1

[Event "TCh-SRB Prem 2012"]
[Site "Valjevo SRB"]
[Date "2012.09.21"]
[Round "5.1"]
[White "Vujacic,Bo"]
[Black "Lazic,Mir"]
[Result "1/2-1/2"]
[WhiteElo "2299"]
[BlackElo "2452"]

1.e4 d6 2.d4 Nf6 3.Nc3 e5 4.Nf3 Nbd7 5.Bc4 Be7 6.O-O O-O 7.Re1 c6 8.a4 a5
9.b3 Nb6 10.Bd3 Bg4 11.Be2 Nfd7 12.Ba3 Re8 13.Qd2 Bxf3 14.Bxf3 exd4 15.Qxd4 d5
16.Bxe7 Qxe7 17.Qd2 dxe4 18.Rxe4 Ne5 19.Rae1 Qc5 20.Kf1 Nbd7 21.Qe3 Qxe3
22.R4xe3 Kf8 23.Be2 Nc5 24.f4 Ned7 25.Bg4 Rxe3 26.Rxe3 Re8 27.Kf2  1/2-1/2

[Event "TCh-SRB Prem 2012"]
[Site "Valjevo SRB"]
[Date "2012.09.21"]
[Round "5.2"]
[White "Govedarica,R"]
[Black "Novoselski,Z"]
[Result "1-0"]
[WhiteElo "2399"]
[BlackElo "2371"]

1.e4 d6 2.d4 Nf6 3.Nc3 e5 4.Nf3 Nbd7 5.Bc4 Be7 6.O-O O-O 7.h3 c6 8.a4 Nxe4
9.Nxe4 d5 10.Bb3 dxe4 11.Nxe5 Nxe5 12.dxe5 Bf5 13.Qh5 Bg6 14.Qe2 Qd4 15.c3 Qxe5
16.f4 Qa5 17.Bc4 h6 18.b4 Qf5 19.Be3 Bh7 20.Rad1 a5 21.b5 Bc5 22.g4 Bxe3+
23.Qxe3 Qf6 24.bxc6 bxc6 25.Rd7 Qh4 26.Kg2 Rab8 27.Rf2 h5 28.Qg3 Qf6 29.f5 h4
30.Rxf7 hxg3 31.Rxf6+ Kh8 32.Rxf8+ Rxf8 33.Kxg3 Rf6 34.Be6 Bg8 35.g5 Rf8
36.Rf4  1-0

[Event "Skovbo GM Open 2012"]
[Site "Borup DEN"]
[Date "2012.09.22"]
[Round "8.2"]
[White "Hagen,Andr"]
[Black "Danielsen,Hen"]
[Result "0-1"]
[WhiteElo "2422"]
[BlackElo "2509"]

1.e4 d6 2.d4 Nf6 3.Nc3 e5 4.Nf3 Nbd7 5.Bc4 Be7 6.O-O O-O 7.a4 c6 8.Re1 h6
9.h3 Re8 10.Be3 Qc7 11.Nh4 Nf8 12.Nf5 Bxf5 13.exf5 exd4 14.Bxd4 d5 15.Bf1 N8d7
16.g4 a5 17.Bg2 Bc5 18.Bxc5 Nxc5 19.Qd4 Qb6 20.b3 Nfd7 21.Ne2 Na6 22.Qxb6 Nxb6
23.Nd4 Kf8 24.Bf3 Nd7 25.Kg2 Nb4 26.Kg3 Rxe1 27.Rxe1 Re8 28.Rd1 Nc5 29.Kg2 Re5
30.Kf1 Ke7 31.Re1 Kf6 32.Re3 Rxe3 33.fxe3 Ke5 34.Bd1 Ne4 35.Nf3+ Kf6 36.Ne1 Nc3
37.Be2 b5 38.axb5 cxb5 39.Bd3 a4 40.bxa4 bxa4 41.Nf3 Nc6 42.Nd2 Na5  0-1

[Event "Dnepropetrovsk Autumn A"]
[Site "Dnepropetrovsk UKR"]
[Date "2012.09.22"]
[Round "7"]
[White "Petrenko,S"]
[Black "Kalinina,O"]
[Result "0-1"]
[WhiteElo "2199"]
[BlackElo "2259"]

1.e4 d6 2.d4 Nf6 3.Nc3 e5 4.dxe5 dxe5 5.Qxd8+ Kxd8 6.Bc4 Be6 7.Bxe6 fxe6
8.Bg5 Bd6 9.O-O-O Ke7 10.f3 a6 11.h4 h6 12.Be3 Nh5 13.Nce2 Nc6 14.g3 Rhf8
15.c3 b5 16.Rh2 a5 17.Rg2 a4 18.Kb1 Na5 19.Nc1 Nc4 20.Bf2 c5 21.Nd3 b4 22.f4 Ra5
23.Nf3 bxc3 24.Nfxe5 Bxe5 25.Nxe5 Nxe5 26.fxe5 Rb5 27.Be1 Rf3 28.Rc1 cxb2
29.Rxb2 Rxb2+ 30.Kxb2 a3+ 31.Kb1 Nxg3 32.Bxg3 Rxg3 33.Rxc5 g5 34.hxg5 hxg5
35.Rc7+ Ke8 36.Kc2 g4 37.Kd2 Rg2+ 38.Ke3 Rxa2 39.Kf4 Rg2 40.Ra7 a2 41.Kg5 Kd8
42.Kf6 Rf2+ 43.Kxe6 g3 44.Rd7+ Kc8 45.Rd1 g2 46.Rc1+ Kb7  0-1

[Event "TCh-SRB Prem 2012"]
[Site "Valjevo SRB"]
[Date "2012.09.22"]
[Round "6.3"]
[White "Stankovic,Milo"]
[Black "Rabrenovic,V"]
[Result "0-1"]
[WhiteElo "2359"]
[BlackElo "2396"]

1.e4 d6 2.d4 Nf6 3.Nc3 e5 4.Nf3 Nbd7 5.g4 g6 6.g5 Nh5 7.Be3 Bg7 8.Qd2 O-O
9.dxe5 Nxe5 10.Nxe5 dxe5 11.O-O-O Be6 12.h4 Qxd2+ 13.Rxd2 Rad8 14.Bh3 Rxd2
15.Bxd2 Nf4 16.Bxe6 Nxe6 17.Be3 Rd8 18.h5 b6 19.Nd5 Kf8 20.Bd2 c6 21.Nb4 Rd6
22.Be3 Kg8 23.a4 Nf4 24.hxg6 Rxg6 25.Rd1 Bf8 26.Rd8 Kg7 27.Na6 Rxg5 28.Nc7 h5
29.Rd7 Kg6 30.Rd8 Bg7 31.Rd6+ Kh7 32.Ne8 h4 33.Rd1 h3 34.Rh1 Rg1+ 35.Rxg1 Ne2+
36.Kd2 Nxg1  0-1

[Event "TCh-SRB Prem 2012"]
[Site "Valjevo SRB"]
[Date "2012.09.22"]
[Round "6.2"]
[White "Andrejic,V"]
[Black "Strikovic,A"]
[Result "0-1"]
[WhiteElo "2195"]
[BlackElo "2539"]

1.d4 d6 2.e4 Nf6 3.Nc3 e5 4.Nf3 Nbd7 5.g4 Nxg4 6.Rg1 Ngf6 7.Bc4 exd4 8.Qxd4 Nb6
9.Bb3 Be6 10.Bxe6 fxe6 11.a4 e5 12.Qd3 Nbd7 13.Qc4 c6 14.Be3 Qe7 15.O-O-O Qf7
16.Qe2 a6 17.Ng5 Qg8 18.f4 exf4 19.Bxf4 O-O-O 20.Bxd6 Bxd6 21.Rxd6 Ne5 22.Rxd8+ Qxd8
23.Nf3 Nxf3 24.Qxf3 Qe7 25.Qf5+ Nd7 26.Qg5 Qxg5+ 27.Rxg5 g6 28.Kd2 Re8 29.Ke3 Kc7
30.b3 Kd6 31.Nd1 Re5 32.Rxe5 Kxe5 33.Nf2 g5 34.Ng4+ Ke6 35.Nh6 Ne5 36.h3 c5
37.Nf5 Nf7 38.Kf3 Ne5+ 39.Ke3 b6 40.h4 gxh4 41.Nxh4 Ng6 42.Nf5 Ke5 43.c3 h5
44.Kf3 b5 45.axb5 axb5 46.b4 cxb4 47.cxb4 Nf8 48.Ke3 Ne6 49.Nh4 Ng5 50.Ng6+ Kf6
51.Nf4 h4 52.Nd5+ Ke5 53.Nc7 h3 54.Kf2 Kf4 55.Kg1 Kg3  0-1

[Event "TCh-BEL 2012-13"]
[Site "Belgium BEL"]
[Date "2012.09.23"]
[Round "1.6"]
[White "Schumacher,He"]
[Black "Loo,Bernd"]
[Result "1/2-1/2"]
[WhiteElo "2033"]
[BlackElo "1915"]

1.d4 d6 2.e4 Nf6 3.Nc3 c6 4.a4 e5 5.Nge2 Be7 6.g3 O-O 7.Bg2 a5 8.h3 Na6 9.O-O Be6
10.Be3 Nb4 11.Qd2 Qc8 12.Kh2 Bc4 13.Rfe1 Rd8 14.b3 Ba6 15.g4 c5 16.d5 Bf8
17.Ng3 Qd7 18.Nd1 b6 19.Nb2 Bc8 20.c3 Na6 21.Bg5 Be7 22.Nc4 Rb8 23.f4 h6
24.Bxf6 Bxf6 25.fxe5 Bxe5 26.Nxe5 dxe5 27.c4 Nc7 28.Rf1 Qe7 29.Qe3 Ne8 30.Rf2 Qg5
31.Qxg5 hxg5 32.Raf1 f6 33.Nh5 Rb7 34.Kg3 Rf7 35.h4 gxh4+ 36.Kxh4 Nd6 37.g5 fxg5+
38.Kxg5 Rdf8 39.Rxf7 Nxf7+ 40.Kh4 Bd7 41.Rf3  1/2-1/2

[Event "TCh-BEL 2012-13"]
[Site "Belgium BEL"]
[Date "2012.09.23"]
[Round "1.3"]
[White "Rooze,J"]
[Black "Vandenbussche,T"]
[Result "1-0"]
[WhiteElo "2286"]
[BlackElo "2400"]

1.e4 d6 2.d4 Nf6 3.Nc3 e5 4.Nf3 Nbd7 5.Bc4 Be7 6.O-O O-O 7.a4 c6 8.a5 h6
9.h3 Re8 10.Ba2 Qc7 11.Qd3 Nf8 12.Bd2 Ng6 13.Rfe1 Nh5 14.Ne2 Bf8 15.b4 Be6
16.c4 Rac8 17.Bb3 Qd8 18.d5 cxd5 19.cxd5 Bd7 20.Ba4 Bxa4 21.Rxa4 f5 22.b5 fxe4
23.Qxe4 Ne7 24.Nc3 Nf6 25.Qb1 Qd7 26.Qb3 Kh8 27.Rd1 Nf5 28.Ne4 Nxe4 29.Rxe4 Rc5
30.b6 a6 31.Bb4 Rcc8 32.g4 Ne7 33.Qd3 Ng6 34.Bd2 Rc5 35.Be3 Rxa5 36.Rc4 Qf7
37.Qe4 Rb5 38.Rc7 Re7 39.Rc8 Kg8 40.g5 Nf4 41.gxh6 gxh6 42.Kh2 Qf6 43.Rg1+ Kh8
44.Bxf4 exf4 45.Rg6 Qf7 46.Rxh6+ Kg8 47.Rg6+ Kh8 48.Qd4+ Kh7 49.Ng5+ Kxg6
50.Nxf7 Rxf7 51.Rc7 Rf5 52.Rxb7 Bh6 53.Rd7 Rbxd5 54.Rxd6+ Rxd6 55.Qxd6+ Rf6
56.Qd3+ Kg7 57.Qd7+ Kg6 58.b7 f3 59.Qg4+  1-0

[Event "21st TCh-CRO 1a 2012"]
[Site "Sibenik CRO"]
[Date "2012.09.23"]
[Round "1.3"]
[White "Sax,G"]
[Black "Movsesian,S"]
[Result "0-1"]
[WhiteElo "2451"]
[BlackElo "2705"]

1.e4 d6 2.d4 Nf6 3.Nc3 e5 4.Nge2 c6 5.a4 h5 6.f3 Be7 7.Be3 Qc7 8.Qd2 b6 9.Nc1 Bb7
10.Nb3 O-O 11.Be2 Nbd7 12.O-O a6 13.Qe1 Rfe8 14.Qf2 b5 15.dxe5 Nxe5 16.Bb6 Qb8
17.Bd4 Ng6 18.axb5 axb5 19.Rxa8 Bxa8 20.Ra1 b4 21.Nd1 c5 22.Be3 h4 23.Nd2 d5
24.Bxc5 Bxc5 25.Qxc5 dxe4 26.fxe4 Nxe4 27.Nxe4 Bxe4 28.Bf1 h3 29.Ne3 Nh4
30.Qg5 hxg2 31.Qxh4 gxf1=Q+ 32.Rxf1 Re6 33.Rf4 Qe5 34.Kf2 Qd4 35.Qg4 f5 36.Qh5 Rh6
37.Qe8+ Kh7  0-1

[Event "TCh-SUI National A 2012"]
[Site "Switzerland SUI"]
[Date "2012.09.23"]
[Round "7.5"]
[White "Brunner,L"]
[Black "Mantovani,R"]
[Result "1/2-1/2"]
[WhiteElo "2448"]
[BlackElo "2359"]

1.d4 d6 2.e4 Nf6 3.Nc3 e5 4.Nf3 Nbd7 5.Bc4 Be7 6.O-O O-O 7.Re1 c6 8.a4 b6
9.d5 Bb7 10.b3 Qc7 11.dxc6 Bxc6 12.Bg5 h6 13.Bh4 Rfc8 14.Qe2 Qd8 15.Bxf6 Nxf6
16.Red1 Qc7 17.Ne1 a6 18.Nd5 Nxd5 19.Bxd5 b5 20.g3 g6 21.Kg2 h5 22.h4 Kg7
23.Kh2 Bd8 24.Kg2 Qb7 25.Qd3 Ba5 26.axb5 axb5 27.c4 bxc4 28.bxc4 Bxe1 29.Rxa8 Bxd5
30.cxd5 Rxa8 31.Rxe1 Ra4 32.Rc1 Qb4 33.Rc6 Qxe4+ 34.Qxe4 Rxe4 35.Rb6 Rd4
36.Rxd6 Kf8 37.Ra6 Rxd5 38.Ra4 Ke7 39.f4 f6 40.fxe5 fxe5 41.Kf3 Ke6 42.Ke4 Rd6
43.Ra8 Rd4+ 44.Kf3 Rd3+ 45.Ke4 Rd4+ 46.Kf3 Rb4 47.Re8+ Kf6 48.Rf8+ Ke7 49.Ra8 Kf7
50.Ra6 Rb3+ 51.Kf2 Rb2+ 52.Kf3 Rb3+ 53.Kf2 Rb2+  1/2-1/2

[Event "21st TCh-CRO 1a 2012"]
[Site "Sibenik CRO"]
[Date "2012.09.24"]
[Round "2.23"]
[White "Antoniewski,R"]
[Black "Jovanovic,Zo CRO"]
[Result "1/2-1/2"]
[WhiteElo "2541"]
[BlackElo "2516"]

1.e4 d6 2.d4 Nf6 3.Nc3 e5 4.Nf3 Nbd7 5.g3 c6 6.Bg2 Be7 7.O-O O-O 8.a4 Re8
9.Re1 b6 10.Nh4 Bf8 11.Nf5 a6 12.h3 Bb7 13.dxe5 dxe5 14.Nd6 Bxd6 15.Qxd6 Nc5
16.Rd1 Qxd6 17.Rxd6 b5 18.Be3 Ne6 19.b4 a5 20.Rb1 axb4 21.Rxb4 Nd4 22.Rb2 Re7
23.axb5 Ne8 24.Rxd4 exd4 25.Bxd4 cxb5 26.Rxb5 Rc8 27.e5  1/2-1/2

[Event "TCh-SRB Prem w 2012"]
[Site "Valjevo SRB"]
[Date "2012.09.24"]
[Round "8.4"]
[White "Vujic Katanic,B"]
[Black "Nonkovic,B"]
[Result "0-1"]
[WhiteElo "2099"]
[BlackElo "1996"]

1.e4 d6 2.d4 Nf6 3.Nc3 e5 4.Nge2 Be7 5.g3 exd4 6.Nxd4 d5 7.exd5 Nxd5 8.Nce2 O-O
9.Bg2 c5 10.Nb3 Nb4 11.Bd2 N8c6 12.a3 c4 13.axb4 cxb3 14.c3 Be6 15.O-O a5
16.b5 Ne5 17.Nf4 Bg4 18.f3 Bf5 19.Be3 Qxd1 20.Rfxd1 Nc4 21.Bc1 Bc5+ 22.Kf1 Rad8
23.Re1 Bd7 24.Nd3 Bb6  0-1

[Event "5th Final Masters"]
[Site "Bilbao ESP"]
[Date "2012.09.25"]
[Round "2"]
[White "Vallejo Pons,F"]
[Black "Carlsen,M"]
[Result "0-1"]
[WhiteElo "2697"]
[BlackElo "2843"]

1.e4 d6 2.d4 Nf6 3.Nc3 e5 4.dxe5 dxe5 5.Qxd8+ Kxd8 6.Nf3 Bd6 7.Bg5 Be6 8.O-O-O Nd7
9.Nb5 Ke7 10.Nxd6 cxd6 11.Bb5 Rhd8 12.Nd2 h6 13.Bh4 g5 14.Bg3 a6 15.Bxd7 Rxd7
16.f3 Rc8 17.Kb1 Nh5 18.Nf1 f5 19.exf5 Bxf5 20.Ne3 Bg6 21.Rd2 Ke6 22.b3 b5
23.Kb2 d5 24.Re1 Nxg3 25.hxg3 h5 26.c3 d4 27.cxd4 Rxd4 28.Rxd4 exd4 29.Nc2+ Kd5
30.Nb4+ Kd6 31.Rc1 Rxc1 32.Kxc1 h4 33.gxh4 gxh4 34.Nxa6 Bd3 35.Nb4 Bf1 36.Kd2 Bxg2
37.Ke2 Bh3 38.a4 Bf5 39.axb5 d3+ 40.Ke3 h3 41.Nxd3 Bxd3 42.Kd4  0-1

[Event "30th Balaton GM"]
[Site "Heviz HUN"]
[Date "2012.09.25"]
[Round "3.4"]
[White "Bures,J"]
[Black "Vertetics,A"]
[Result "1/2-1/2"]
[WhiteElo "2381"]
[BlackElo "2409"]

1.e4 d6 2.d4 Nf6 3.Nc3 e5 4.Nf3 Nbd7 5.Bc4 Be7 6.O-O O-O 7.Re1 a6 8.a4 b6
9.Bg5 Bb7 10.dxe5 Nxe5 11.Nxe5 dxe5 12.Qf3 Nd7 13.Bxe7 Qxe7 14.Nd5 Bxd5 15.Bxd5 Rad8
16.a5 b5 17.Qe3 c5 18.c4 b4 19.Red1 Nf6 20.f3  1/2-1/2

[Event "21st TCh-CRO w 2012"]
[Site "Sibenik CRO"]
[Date "2012.09.25"]
[Round "4.31"]
[White "Kochetkova,J"]
[Black "Krivec,J"]
[Result "1-0"]
[WhiteElo "2305"]
[BlackElo "2240"]

1.e4 d6 2.d4 Nf6 3.Nc3 e5 4.Nf3 Nbd7 5.Bc4 Be7 6.O-O O-O 7.Re1 c6 8.a4 b6
9.h3 a6 10.Bg5 Rb8 11.Ba2 b5 12.axb5 axb5 13.b4 Re8 14.Qd2 Qc7 15.Rad1 Nf8
16.dxe5 dxe5 17.Nxe5 Ne6 18.Bxe6 Bxe6 19.Nd3 Rbd8 20.Qe3 Bc4 21.Nc5 Rxd1
22.Rxd1 h6 23.Bf4 Bxc5 24.bxc5 Qa5 25.Qd4 Kh7 26.Be5 Re6 27.f4 Ne8 28.f5 Re7
29.Kh1 f6 30.Bg3 Bf7 31.e5 fxe5 32.Bxe5 Qa8 33.Qf4 Bd5 34.Qg3 Bf7 35.Ne4 Bh5
36.Ra1 Qc8 37.f6 gxf6 38.Bxf6 Rf7 39.Bb2 Qf5 40.Re1 Qf4 41.Qc3 Rg7 42.Qd3 Rg6
43.Rf1 Qc7 44.Rf8  1-0

[Event "Tatry Open 2012"]
[Site "Tatranske Zruby SVK"]
[Date "2012.09.25"]
[Round "4.61"]
[White "Framberk,J"]
[Black "Lauko,M"]
[Result "1-0"]
[WhiteElo "1971"]
[BlackElo "1914"]

1.e4 d6 2.d4 Nf6 3.Nc3 c6 4.f4 Nbd7 5.Nf3 e6 6.e5 dxe5 7.fxe5 Nd5 8.Ne4 Qa5+
9.Bd2 Qb6 10.c4 f5 11.Nd6+ Bxd6 12.exd6 N5f6 13.b4 O-O 14.Bd3 Ne4 15.c5 Qd8
16.O-O Ndf6 17.Bg5 h6 18.Bxf6 Nxf6 19.Ne5 Nd5 20.Qe1 Bd7 21.a3 Rf6 22.Qe2 Qe8
23.Rae1 Rd8 24.Rf2 Nc3 25.Qd2 Nd5 26.Ref1 Bc8 27.Qe2 Nc3 28.Qe1 Nd5 29.g4 g6
30.gxf5 exf5 31.Rg2 g5 32.Rgf2 f4 33.Qe4 Bf5 34.Qe2 Qe6 35.Bc4 Qe8 36.Rg2 Kh7
37.Re1 Ne3 38.Rf2 Kg7 39.Bd3 Be6 40.Qf3 Bd5 41.Be4 Bxe4 42.Qxe4 Qe6 43.b5 Qd5
44.Qxd5 cxd5 45.d7 Nc4 46.c6 bxc6 47.bxc6 Rxc6 48.Nxc6 Rxd7 49.Re7+ Rxe7
50.Nxe7 Ne3 51.a4 Kf6 52.Nc6 a6 53.Nb4 Kf5 54.Nxa6 Ke4 55.Nb4 Kxd4 56.a5 Kc5
57.a6 Kb6 58.Ra2  1-0

[Event "TCh-SRB Prem 2012"]
[Site "Valjevo SRB"]
[Date "2012.09.25"]
[Round "9.1"]
[White "Nadj Hedjesi,B"]
[Black "Markus,Rob"]
[Result "0-1"]
[WhiteElo "2376"]
[BlackElo "2605"]

1.e4 d6 2.d4 Nf6 3.Nc3 e5 4.Nf3 Nbd7 5.Bc4 Be7 6.O-O O-O 7.Re1 c6 8.a4 a5
9.h3 h6 10.Ba2 Nh7 11.Ne2 Ng5 12.Nxg5 hxg5 13.Be3 g6 14.Qd3 exd4 15.Bxd4 Ne5
16.Qc3 Bf6 17.f4 gxf4 18.Nxf4 Kh7 19.Rad1 Qe7 20.Rf1 Bg5 21.Nd3 Nxd3 22.cxd3 Be6
23.Bb1 f5 24.e5 dxe5 25.Bc5 Qc7 26.Rde1 Rfe8 27.g4 Bf6 28.Qa3 Bd5 29.Re2 Qg7
30.Kh2 fxg4 31.d4 exd4 32.Ref2 Bh4  0-1

[Event "TCh-SRB Prem 2012"]
[Site "Valjevo SRB"]
[Date "2012.09.25"]
[Round "9.2"]
[White "Abramovic,B"]
[Black "Marinovic,B"]
[Result "1/2-1/2"]
[WhiteElo "2447"]
[BlackElo "2390"]

1.d4 d6 2.e4 Nf6 3.Nc3 e5 4.dxe5 dxe5 5.Qxd8+ Kxd8 6.Bc4 Ke8 7.Nge2 c6 8.f3 Nbd7
9.Be3 Bc5 10.Kf2 Ke7 11.a3 Bxe3+ 12.Kxe3 Nc5 13.Rhd1 Be6 14.Bxe6  1/2-1/2

[Event "Baku Open 2012"]
[Site "Baku AZE"]
[Date "2012.09.26"]
[Round "5.22"]
[White "Isgandarova,K"]
[Black "Nasri,A"]
[Result "0-1"]
[WhiteElo "2194"]
[BlackElo "2319"]

1.e4 d6 2.d4 Nf6 3.Nc3 c6 4.f4 Qa5 5.Bd3 e5 6.Nf3 exd4 7.Nxd4 g6 8.Qf3 Bg7
9.h3 O-O 10.Be3 Nbd7 11.O-O Qc7 12.Rad1 a6 13.Qf2 b5 14.Nf3 Bb7 15.b4 Rfe8
16.Bd4 c5 17.bxc5 dxc5 18.Bxf6 Nxf6 19.e5 Nh5 20.Nh4 Nxf4 21.Qxf4 Bxe5 22.Qd2 c4
23.Nf5 gxf5 24.Bxf5 f6 25.Nd5 Qg7 26.Qf2 Rad8 27.Be4 Kh8 28.Qf5 Rd6 29.Rf2 Red8
30.Rfd2 Rg8 31.Ne3 Rxd2 32.Rxd2 Bc8 33.Qf3 Qh6 34.Kh1 Rg3 35.Rd8+ Kg7 36.Bd5 Qxe3
37.Rg8+ Kh6 38.Rxg3 Qe1+ 39.Kh2 Bd4 40.Rg8 Bg1+  0-1

[Event "21st TCh-CRO 1a 2012"]
[Site "Sibenik CRO"]
[Date "2012.09.26"]
[Round "4.32"]
[White "Hracek,Z"]
[Black "Kadric,D"]
[Result "1/2-1/2"]
[WhiteElo "2619"]
[BlackElo "2423"]

1.e4 d6 2.d4 Nf6 3.Nc3 e5 4.Nf3 Nbd7 5.Bc4 Be7 6.O-O O-O 7.a4 a6 8.Ba2 c6
9.h3 b6 10.Qe2 Qc7 11.Rd1 Rb8 12.Bg5 Kh8 13.Bh4 h6 14.Bg3 g6 15.Rd2 Nh5 16.Bh2 Bf6
17.Qe3 Bg7 18.Rad1 Kh7 19.dxe5 dxe5 20.Qd3 Nf4 21.Qd6 Rb7 22.Qxc7 Rxc7 23.Ne2 Nxe2+
24.Rxe2 f6 25.b4 Re8 26.Nd2 Bf8 27.c3 b5 28.Bf7 Rd8 29.Nf1 Be7  1/2-1/2

[Event "21st TCh-CRO 1a 2012"]
[Site "Sibenik CRO"]
[Date "2012.09.26"]
[Round "4.33"]
[White "Rade,M"]
[Black "Jovanovic,Zo CRO"]
[Result "1-0"]
[WhiteElo "2428"]
[BlackElo "2516"]

1.e4 d6 2.d4 Nf6 3.Nc3 e5 4.Nf3 Nbd7 5.Bc4 Be7 6.O-O O-O 7.Re1 c6 8.a4 b6
9.d5 cxd5 10.Nxd5 Bb7 11.b3 Rc8 12.Re2 Nc5 13.Nxf6+ Bxf6 14.Bd5 Bxd5 15.Qxd5 Ne6
16.Rb1 Nc7 17.Qd1 d5 18.Rd2 Re8 19.exd5 e4 20.d6 exf3 21.d7 fxg2 22.dxe8=Q+ Qxe8
23.Rd3 Ne6 24.Be3 Qc6 25.c4 Qe4 26.Rd5 g6 27.Qd3 Qg4 28.Rd1 Re8 29.Rd7 Be5
30.Qd5 Qf5 31.Qxg2 Qc2 32.Qf3 Rf8 33.Bh6 Bg7 34.Bxg7 Nxg7 35.R7d2 Qf5 36.Qxf5 Nxf5
37.Rd8  1-0

[Event "21st TCh-CRO 1b 2012"]
[Site "Sibenik CRO"]
[Date "2012.09.26"]
[Round "4.2"]
[White "Filipovic,Br"]
[Black "Galic,I2"]
[Result "1-0"]
[WhiteElo "2390"]
[BlackElo "2354"]

1.e4 d6 2.Nc3 Nf6 3.d4 e5 4.Nf3 Nbd7 5.g4 Nxg4 6.Rg1 Ngf6 7.Be3 c6 8.Qd2 b5
9.O-O-O b4 10.dxe5 bxc3 11.Qxc3 dxe5 12.Qxc6 Rb8 13.Nxe5 Qa5 14.Nxd7 Bxd7
15.Rxd7 Nxd7 16.Bh3 Rd8 17.Rd1 Be7 18.Bxd7+ Kf8 19.Qb5 Qc7 20.f4 h5 21.e5 Rh6
22.f5 Ra6 23.f6 Rxd7 24.Qxd7 Qxd7 25.fxg7+ Kxg7 26.Rxd7  1-0

[Event "TCh-FIN SM 2012-13"]
[Site "Jyvaskyla FIN"]
[Date "2012.09.28"]
[Round "1.2"]
[White "Luukkonen,T"]
[Black "Sklyarov,D"]
[Result "1-0"]
[WhiteElo "2323"]
[BlackElo "2425"]

1.d4 d6 2.e4 Nf6 3.Nc3 c6 4.a4 g6 5.f4 Qa5 6.Bd2 Qc7 7.e5 Nd5 8.Ne4 Bg7 9.c4 f5
10.Ng5 h6 11.N5f3 Nb6 12.Nh4 Kf7 13.g4 e6 14.gxf5 exf5 15.Ngf3 dxe5 16.Rg1 exd4
17.Nxg6 Re8+ 18.Nfe5+ Kg8 19.Qh5 N8d7 20.Nh4 Nf6 21.Qg6 Rxe5+ 22.fxe5 Qxe5+
23.Kd1 Ng4 24.Rxg4 fxg4 25.Bd3 Nd7 26.Qh7+ Kf7 27.Kc2 Nf6 28.Rf1 Be6 29.Bxh6 Rg8
30.Qg6+ Ke7 31.Bxg7 Qxh2+ 32.Kb1 Ne8 33.Re1 Nxg7 34.Rxe6+ Nxe6 35.Nf5+ Kd7
36.Qf7+ Kc8 37.Qxe6+ Kc7 38.Qf7+ Kb6 39.Qxg8 Qd2 40.c5+ Kxc5 41.Qc4+ Kb6
42.Qxd4+ Kc7 43.Qe5+ Kb6 44.Qd4+ Kc7 45.Qd6+ Kb6 46.Qd8+  1-0

[Event "21st TCh-CRO w 2012"]
[Site "Sibenik CRO"]
[Date "2012.09.28"]
[Round "7.31"]
[White "Hlavac,I"]
[Black "Kochetkova,J"]
[Result "0-1"]
[WhiteElo "1931"]
[BlackElo "2305"]

1.e4 d6 2.d4 Nf6 3.Nc3 Nbd7 4.Bd3 e5 5.Nf3 Be7 6.O-O O-O 7.h3 c6 8.a4 b6
9.Be3 a6 10.Qd2 Qc7 11.Ne2 Bb7 12.Ng3 Rfe8 13.c3 Bf8 14.Qc2 b5 15.b4 Rac8
16.dxe5 dxe5 17.Rac1 Nb6 18.a5 Nbd7 19.Qa2 h6 20.c4 Bxb4 21.cxb5 axb5 22.Bxb5 Qxa5
23.Qxa5 Bxa5 24.Bc4 Bc7 25.Rb1 Ba8 26.Ra1 Nb6 27.Bb3 c5 28.Bxc5 Nxe4 29.Nxe4 Bxe4
30.Ra7 Nd5 31.Nd2 Nf6 32.Bxf7+ Kxf7 33.Bd6 Bd3 34.Re1 Nd5 35.Rxe5 Rxe5 36.Bxe5 Kg8
37.Bd4 Nf6 38.Nb3 Bb8 39.Rb7 Be4 40.Rb6 Nd7 41.Re6 Bd5  0-1

[Event "Baku Open 2012"]
[Site "Baku AZE"]
[Date "2012.09.29"]
[Round "8.8"]
[White "Mamedov,Nid"]
[Black "Zeynalov,F"]
[Result "1-0"]
[WhiteElo "2614"]
[BlackElo "2305"]

1.e4 d6 2.d4 Nf6 3.Nc3 e5 4.Nf3 Nbd7 5.Bc4 Be7 6.O-O O-O 7.Re1 c6 8.a4 b6
9.Bg5 h6 10.Bxf6 Bxf6 11.d5 c5 12.a5 Bb7 13.Ra2 Be7 14.Qe2 Nf6 15.Ba6 Bxa6
16.Qxa6 bxa5 17.Nd2 Nh5 18.Nc4 Qd7 19.Rxa5 f5 20.Qc6 Qd8 21.exf5 Rxf5 22.Ne4 Nf4
23.Ra6 Rc8 24.Qa4 Rh5 25.Rxa7 Bf8 26.Qd7 Qh4 27.h3 Rd8 28.Qg4 Kh8 29.Qxh4 Rxh4
30.g3 Rxh3 31.gxf4 exf4 32.Kg2 Rh5 33.Nc3 Rh4 34.Kf3 g5 35.Ne4 Bg7 36.Nexd6 Rf8
37.Ree7 Bd4 38.Nf7+ Kg8 39.Nfe5  1-0